| 000 | 00390nam a22001337a 4500 | ||
|---|---|---|---|
| 020 | _a978-0071764292 | ||
| 082 |
_a621.4022 _bPIT |
||
| 100 | _aPitts, Donald | ||
| 245 |
_aSchaum's Outline of Heat Transfer / _cDonald Pitts (Author), Leighton E. Sissom (Author) |
||
| 250 | _a2nd Edition | ||
| 260 |
_aNew York: _bMcGraw Hill, _c2012. |
||
| 300 | _avii, 365p. ; | ||
| 942 |
_2ddc _cBK |
||
| 999 |
_c614995 _d614995 |
||